<?xml version="1.0" encoding="UTF-8"?>
<collection xmlns="http://www.loc.gov/MARC21/slim">
    <record>
        <controlfield tag="001">87020</controlfield>
        <controlfield tag="005">20200218154617.0</controlfield>
        <datafield tag="024" ind1="8" ind2=" ">
            <subfield code="2">sideral</subfield>
            <subfield code="a">115350</subfield>
        </datafield>
        <datafield tag="037" ind1=" " ind2=" ">
            <subfield code="a">ART-2019-115350</subfield>
        </datafield>
        <datafield tag="041" ind1=" " ind2=" ">
            <subfield code="a">spa</subfield>
        </datafield>
        <datafield tag="100" ind1=" " ind2=" ">
            <subfield code="0">(orcid)0000-0002-3276-5871</subfield>
            <subfield code="a">Gisbert Aguilar, José</subfield>
            <subfield code="u">Universidad de Zaragoza</subfield>
        </datafield>
        <datafield tag="245" ind1=" " ind2=" ">
            <subfield code="a">Identificación de procedencias mediante técnicas no invasivas: primeros resultados. Desarrollo de un sistema para medir fosforescencia en piezas histórico-artísticas como criterio en la identificación de la procedencia del material: Construcción del equipo físico y primeras medidas sobre alabastros</subfield>
        </datafield>
        <datafield tag="260" ind1=" " ind2=" ">
            <subfield code="c">2019</subfield>
        </datafield>
        <datafield tag="506" ind1="0" ind2=" ">
            <subfield code="a">Access copy available to the general public</subfield>
            <subfield code="f">Unrestricted</subfield>
        </datafield>
        <datafield tag="520" ind1="3" ind2=" ">
            <subfield code="a">Se ha construido un aparato para medir fosforescencia en mármoles y alabastros de usos estatuarios. El aparato se prueba con éxito y describimos los protocolos para las medidas y realizamos determinaciones en una amplia muestra de mármoles (39) y alabastros (30) de la península Ibérica.
En el caso de los mármoles, la fosforescencia es siempre muy parecida, mientras que en el caso de los alabastros es mucho más variada y susceptible de permitir identificaciones precisas de la procedencia del material. Como ejemplo se realiza la identificación de la procedencia del alabastro del Oratorio de San Jerónimo penitente del Museo Nacional del Prado.</subfield>
        </datafield>
        <datafield tag="536" ind1=" " ind2=" ">
            <subfield code="9">info:eu-repo/grantAgreement/ES/MINECO/HAR2015-66999-P H</subfield>
        </datafield>
        <datafield tag="540" ind1=" " ind2=" ">
            <subfield code="9">info:eu-repo/semantics/openAccess</subfield>
            <subfield code="a">by</subfield>
            <subfield code="u">http://creativecommons.org/licenses/by/3.0/es/</subfield>
        </datafield>
        <datafield tag="655" ind1=" " ind2="4">
            <subfield code="a">info:eu-repo/semantics/article</subfield>
            <subfield code="v">info:eu-repo/semantics/publishedVersion</subfield>
        </datafield>
        <datafield tag="700" ind1=" " ind2=" ">
            <subfield code="0">(orcid)0000-0002-5621-1937</subfield>
            <subfield code="a">Sánchez-Cano, A. I.</subfield>
            <subfield code="u">Universidad de Zaragoza</subfield>
        </datafield>
        <datafield tag="700" ind1=" " ind2=" ">
            <subfield code="0">(orcid)0000-0002-1629-6788</subfield>
            <subfield code="a">Morte-García, C.</subfield>
            <subfield code="u">Universidad de Zaragoza</subfield>
        </datafield>
        <datafield tag="700" ind1=" " ind2=" ">
            <subfield code="0">(orcid)0000-0001-6886-8306</subfield>
            <subfield code="a"> Muñoz del Pozo, A.</subfield>
        </datafield>
        <datafield tag="710" ind1="2" ind2=" ">
            <subfield code="1">2000</subfield>
            <subfield code="2">685</subfield>
            <subfield code="a">Universidad de Zaragoza</subfield>
            <subfield code="b">Dpto. Ciencias de la Tierra</subfield>
            <subfield code="c">Área Petrología y Geoquímica</subfield>
        </datafield>
        <datafield tag="710" ind1="2" ind2=" ">
            <subfield code="1">3007</subfield>
            <subfield code="2">465</subfield>
            <subfield code="a">Universidad de Zaragoza</subfield>
            <subfield code="b">Dpto. Historia del Arte</subfield>
            <subfield code="c">Área Historia del Arte</subfield>
        </datafield>
        <datafield tag="710" ind1="2" ind2=" ">
            <subfield code="1">2002</subfield>
            <subfield code="2">647</subfield>
            <subfield code="a">Universidad de Zaragoza</subfield>
            <subfield code="b">Dpto. Física Aplicada</subfield>
            <subfield code="c">Área Óptica</subfield>
        </datafield>
        <datafield tag="773" ind1=" " ind2=" ">
            <subfield code="g">7 (2019), 208-221</subfield>
            <subfield code="p">Ars renov</subfield>
            <subfield code="t">Ars &amp; Renovatio</subfield>
            <subfield code="x">2340-843X</subfield>
        </datafield>
        <datafield tag="856" ind1="4" ind2="1">
            <subfield code="u">http://artedelrenacimiento.com/estudios-seccion-alabastros/item/identificaci%C3%B3n-de-procedencias-mediante-t%C3%A9cnicas-no-invasivas-primeros-resultados-desarrollo-de-un-sistema-para-medir-fosforescencia-en-piezas-hist%C3%B3rico-art%C3%ADsticas-como-criterio-en-la-identificaci%C3%B3n-de-la-procedencia-del-material-construcci%C3%B3n-del-equipo-f</subfield>
            <subfield code="z">Texto completo de la revista</subfield>
        </datafield>
        <datafield tag="856" ind1="4" ind2=" ">
            <subfield code="s">2328753</subfield>
            <subfield code="u">http://zaguan.unizar.es/record/87020/files/texto_completo.pdf</subfield>
            <subfield code="y">Versión publicada</subfield>
        </datafield>
        <datafield tag="856" ind1="4" ind2=" ">
            <subfield code="s">88563</subfield>
            <subfield code="u">http://zaguan.unizar.es/record/87020/files/texto_completo.jpg?subformat=icon</subfield>
            <subfield code="x">icon</subfield>
            <subfield code="y">Versión publicada</subfield>
        </datafield>
        <datafield tag="909" ind1="C" ind2="O">
            <subfield code="o">oai:zaguan.unizar.es:87020</subfield>
            <subfield code="p">articulos</subfield>
            <subfield code="p">driver</subfield>
        </datafield>
        <datafield tag="951" ind1=" " ind2=" ">
            <subfield code="a">2020-02-18-15:39:46</subfield>
        </datafield>
        <datafield tag="980" ind1=" " ind2=" ">
            <subfield code="a">ARTICLE</subfield>
        </datafield>
    </record>

    
</collection>